Lithuania Country Quiz - Statistics

General Stats
  • This quiz has been taken 22 times
  • The average score is 10 of 15
Answer Stats
Hint Answer % Correct
Main Language Lithuanian
100%
Independent Since 1990
95%
Main Enemy Russia
95%
Capital Vilnius
90%
Currency Euro
86%
Former part of USSR
86%
Number of Presidents 8
71%
Main Ally Latvia
71%
Number of Counties 10
67%
Number of Official Political Parties 23
43%
Main Religion Catholicism
43%
Current President Gitanas Nausėda
43%
Form of Government Republic
38%
Global Firepower Rating (Out of 145) 88
19%
Main Export Petroleum
14%
No matching quizzes found
Score Distribution
Percent of People with Each Score
Percentile by Number Answered
Your Score History
You have not taken this quiz